000 00637nam a2200241 i 4500
001 C2-0006228
003 PPAK
005 20190630221844.0
008 970125s1990 enka|||| ||||| | eng d
020 _a0861126068
040 _aPPAK
_beng
_cPPAK
_erda
082 0 4 _a428.6
_223
090 0 0 _a428.6
_bJOR
_dK
100 1 _aJordan, Jennifer,
_eauthor
245 1 0 _aSilly Tilly Witch
264 1 _aNewmarket :
_bBrimax Books ,
_c1990
300 _a[28 pages] :
_bcolour illustrations ;
_c28 cm
336 _2rdacontent
_atext
337 _2rdamedia
_aunmediated
338 _2rdacarrier
_avolume
650 1 0 _aReaders
942 _ddc
_cB
999 _c1920
_d1920